Culture Générale - Série 207 - Statistiques

Statistiques générales
  • Ce quiz a été pris 307 fois
  • Le résultat moyen est 5 sur 10
Statistiques - réponses
Question Réponse % Correct
Quel type d'accent faut-il ajouter au mot "ou" pour en faire un adverbe ? Grave
94%
Quel doigt "Les Envahisseurs" de la série ne peuvent-ils pas plier ? L'auriculaire
86%
A la belote, quelle est la 2e carte la plus forte à l'atout ? Le 9
68%
Dans quel film Didier Bourdon et Bernard Campan essayent-ils d'arrêter de fumer ? Le Pari
60%
Quel est l'auteur du roman "Croc Blanc" ? Jack London
54%
Avec qui Eddy Mitchell chante-t-il en duo "On veut des légendes" ? Johnny Hallyday
54%
Qu'a oublié Johnny Hallyday selon le titre de son tube de 1977 ? De vivre
53%
Qui interprète la chanson du film "Who's That Girl", en 1987 ? Madonna
33%
A quel groupe doit-on le tube "Sugar Baby Love" en 1974 ? Les Rubettes
13%
Quelle série télévisée réunit en 2006 Jean-Louis Foulquier et Frédéric Diefenthal ? David Nolande
2%
Aucun quiz correspondant
Distribution des résultats
% des personnes avec chaque résultat
Percentile par nombre de réponses
Votre historique - résultats
Vous n’avez pas pris ce quiz